000
00317nam a2200121Ia 4500
008
170224s9999 xx 000 0 und d
245
_a
In Search of Matthew Effects in Reading
260
_b
Journal of Learning Disabilities
260
_c
2016
300
_a
49:5
650
_x
Education
650
_x
Special Education
999
_c
315691
_d
315691